000
00247nam a2200097Ia 4500
001
1071536
005
20250827002125.0
008
250824s9999 xx 000 0 und d
245
0
_a
MESNEVİ
_c
MEVLANA CELALEDDİN RUMİ
260
_b
PANAMA YAYINLARI
999
_c
1071536
_d
1071536